000 00420nam a2200157 i 4500
001 bg
100 1 _aŁUKASZEWICZ, L
245 0 _aMateriały do ćwiczeń projektowych z kosztorysowania robót budowlanych /
_cL. Łukaszewicz.
260 _aWarszawa,
_c1991.
650 9 _aBudownictwo
_xkoszty
655 _aPodręczniki
040 _cBPK
041 _apol
942 _cKS
008 s pl f |000 0 pol
999 _c4642
_d4642
856 _uhttp://koha.tu.koszalin.pl/cgi-bin/koha/opac-detail.pl?biblionumber=4642
_yKatalog online BPK